000 01472nam a2200421 i 4500
001 56626
003 KOSZ 005
005 20221025124005.0
008 091207s2006 us |000 0 eng d
020 _a0121860310
020 _a9780121860318
040 _cKOSZ 005
_aKOSZ 005
_dKOSZ 005/HR
046 _k2006
080 _a519.61/.64
080 _a577.3:61
100 1 _aDunn, Stanley M.
_eAutor
245 1 0 _aNumerical methods in biomedical engineering /
_cStanley M. Dunn, Alkis Constantinides, Prabhas V. Moghe.
260 _aNew York [etc.],
_bElsevier,
_c2006.
300 _aXVIII, 615 s. :
_bil. ;
_c24 cm.
336 _2rdacontent
_aTekst
_btxt
337 _2rdamedia
_aBez urządzenia pośredniczącego
_bn
338 _2rdacarrier
_aWolumin
_bnc
380 _aKsiążki
388 _a2001-
490 1 _aAcademic Press Series in Biomedical Enginnering
504 _aBibliogr. przy rozdz. Indeks.
650 9 _aInżynieria biomedyczna
650 9 _aAnaliza numeryczna
655 _aPodręczniki akademickie
658 _aInżynieria i technika
658 _aMedycyna i zdrowie
700 1 _aConstantinides, Alkis
_eAutor
700 1 _aMoghe, Prabhas V.
_eAutor
710 2 _aElsevier
830 0 _aAcademic Press Series in Biomedical Engineering
856 _uhttp://koha.tu.koszalin.pl/cgi-bin/koha/opac-detail.pl?biblionumber=56626
_yKatalog online BPK
942 _cKS
_2UKD
999 _c56626
_d56626